| 000 | 01896nam a2200337 i 4500 | ||
|---|---|---|---|
| 003 | DO-SdBNP | ||
| 005 | 20230418094813.0 | ||
| 006 | a|||||r|||| 00| 0 | ||
| 007 | ta | ||
| 008 | 230417e1998 dr ao||gr|||| 00| 0cspa d | ||
| 040 |
_aDO-SdBNP _bspa _cBNPHU |
||
| 082 | 4 |
_222 _bH887p |
|
| 245 | 0 | 0 |
_aHuellas de la pintura cubana de hoy. / _cTexto, Marianne de Tolentino; coordinación, Rolando Leclerc; diseño y fotografía, Gianfranco Lanzetti; presentación, Fausto Brito |
| 264 |
_aSanto Domingo : _bFausto Art Gallery, _c1998 |
||
| 300 |
_a18 páginas : _bIlustraciones ; _c22 cm |
||
| 500 | _aIncluye biografías. | ||
| 500 | _aEn la portada Pedro Roig Buenos "Polichinela". Acrílico- 30" x 40" - 1998. | ||
| 500 | _aIncluye pie de foto. | ||
| 590 | _aInventariado 2023/ MF | ||
| 600 | 1 |
_aBesmar Nieves, Joel, _d1968. _tÓleo- tela: Cazador de Sombras, Reflejos del Perenne, _xArte contemporáneo. _zCamagüey, Cuba. _983272 |
|
| 600 | 1 |
_aCarballo, Oscar, _d1951. _tÓleo- tela: Sin Título _xArte contemporáneo. _zSantiago de Cuba, _983273 |
|
| 600 | 1 |
_aPuente Carvajal, Omar, _d1947. _tAcrílica- tela: Después del Baño, La Lectura. _xArte contemporáneo. _zSantiago de Cuba, _983274 |
|
| 600 |
_924690 _aQuevedo, Janet, _zMatanzas, República Dominicana, _d1974. _tAcrílica- tela: Máscara para la Danza Tropical II. Danzando Ilusiones. _xArte contemporáneo. |
||
| 600 |
_aRodríguez Pineda, Julio, _zCienfuegos, cuba, _d1955. _tAcrílica- tela: siboney Heterodoxo. El Paraíso Perdido. _xArte contemporáneo. _983277 |
||
| 600 |
_aRoig Bueno ,Pedro, _zSantiago de Cuba. _d1960. _tAcrílica- tela: Pescadores de Inocencia. _xArte contemporáneo. _983278 |
||
| 700 | 1 |
_973333 _aTolentino, Marianne de, _d1951- _etexto |
|
| 700 | 1 |
_aLeclerc, Rolando, _eCoordinador _983266 |
|
| 700 | 1 |
_962924 _aLanzetti, Gianfranco _efotografías |
|
| 700 | 1 |
_aBrito, Fausto, _epresentación _983267 |
|
| 942 |
_2ddc _cLF2 |
||
| 999 |
_c53286 _d53286 |
||